| Tag |
First Indicator |
Second Indicator |
Subfields |
| LEADER |
00000cam a2200000 4500 |
| 001 |
in00003813021 |
| 005 |
20190415185108.0 |
| 006 |
m o d |
| 007 |
cr |n||||||||n |
| 008 |
880106s1783 enk|||| o 00||||eng c |
| 035 |
|
|
|a (CU-RivES)T174909
|
| 035 |
|
|
|a (Uk-ES)006269700
|
| 035 |
|
|
|a (OCoLC)509215548
|
| 040 |
|
|
|a Uk-ES
|c Uk-ES
|d CStRLIN
|d Cengage Gale
|d UtOrBLW
|
| 050 |
|
4 |
|a AC4
|b .R433 1783
|
| 100 |
1 |
|
|a Reader, Simon.
|0 http://id.loc.gov/authorities/names/nr93032463
|
| 245 |
1 |
0 |
|a Thirteen sermons on the parable of the ten virgins :
|b With three others on personal and family-religion. Preached at Wareham in Dorsetshire. The second edition. By S. Reader.
|
| 264 |
|
1 |
|a London :
|b Printed for J. Buckland, in Pater-noster Row; C. Dilly, in the Poultry; J. Mathews, in the Strand, and Vallance and Conder, Cheapside,
|c M.DCC.LXXXIII. [1783]
|
| 300 |
|
|
|a 1 online resource (viii, 4 unnumbered pages, 424 pages)
|
| 336 |
|
|
|a text
|b txt
|2 rdacontent
|
| 337 |
|
|
|a computer
|b c
|2 rdamedia
|
| 338 |
|
|
|a online resource
|b cr
|2 rdacarrier
|
| 510 |
4 |
|
|a English Short Title Catalog,
|c T174909.
|
| 500 |
|
|
|a Reproduction of original from Bodleian Library (Oxford).
|
| 500 |
|
|
|a Electronic resource.
|
| 650 |
|
0 |
|a Sermons, English
|z England
|y 18th century.
|
| 655 |
|
7 |
|a Electronic books.
|2 local
|
| 655 |
|
7 |
|a Sermons.
|2 rbgenr
|
| 710 |
2 |
|
|a Gale (Firm)
|0 http://id.loc.gov/authorities/names/no2008071348
|
| 752 |
|
|
|a Great Britain
|b England
|d London.
|
| 856 |
4 |
0 |
|u http://proxy.library.tamu.edu/login?url=http://find.galegroup.com/ecco/infomark.do?contentSet=ECCOArticles&docType=ECCOArticles&bookId=1600002000&type=getFullCitation&tabID=T001&prodId=ECCO&docLevel=TEXT_GRAPHICS&version=1.0&source=library&userGroupName=txshracd2898
|z Connect to the full text of this electronic book
|t 0
|
| 999 |
f |
f |
|s f82e1265-f439-3295-8d47-8d79d9647b52
|i 1c2b9994-4d0b-3795-9eee-861279ddff11
|t 0
|
| 952 |
f |
f |
|a Texas A&M University
|b College Station
|c Electronic Resources
|d Available Online
|t 0
|e AC4 .R433 1783
|h Library of Congress classification
|
| 998 |
f |
f |
|a AC4 .R433 1783
|t 0
|l Available Online
|